U.S. Cities Over 100,000 - P - Statistics

General Stats
  • This quiz has been taken 129 times
    112 since last reset
  • The average score is 11 of 20
Answer Stats
Pop. City % Correct
1,526,006 Philadelphia
100%
1,445,632 Phoenix
97%
305,704 Pittsburgh
93%
639,863 Portland
92%
178,042 Providence
61%
259,841 Plano
60%
142,059 Pasadena (CA)
53%
153,351 Pasadena (TX)
53%
112,488 Provo
51%
154,065 Peoria (AZ)
47%
115,007 Peoria (IL)
47%
152,750 Palmdale
46%
149,058 Pomona
46%
164,603 Port St. Lucie
46%
146,199 Paterson
42%
154,750 Pembroke Pines
40%
106,595 Pueblo
35%
110,473 Pompano Beach
28%
103,190 Palm Bay
26%
149,028 Ponce
3%
No matching quizzes found
Score Distribution
Percent of People with Each Score
Percentile by Number Answered
Your Score History
You have not taken this quiz since the last reset